| 000 | 00530 a2200217 4500 | ||
|---|---|---|---|
| 005 | 20260317125720.0 | ||
| 008 | 260316b |||||||| |||| 00| 0 eng d | ||
| 020 |
_a9781266106842 _c£ 64.99 |
||
| 040 | _aMAIN | ||
| 082 |
_a330 _bM135E(23) |
||
| 100 | _aMcConnell, Campbell R, ed. | ||
| 245 | _aEconomics | ||
| 250 | _a23th | ||
| 260 |
_bMcGraw Hill _aNew York _c2024 |
||
| 300 | _axxxi, 876 | ||
| 650 | _aEconomics | ||
| 650 | _aPublic Finance | ||
| 700 | _aBrue, Stanley L | ||
| 700 | _aFlynn, Sean M | ||
| 942 | _cBK | ||
| 999 |
_c396957 _d396957 |
||